书目信息 |
| 题名: |
90年代日本环境设计50例
|
|
| 作者: | 章俊华 , 屈德印 编著 | |
| 分册: | ||
| 出版信息: | 郑州 河南科学技术出版社 1999.09 |
|
| 页数: | 150页 | |
| 开本: | 16开 | |
| 丛书名: | ||
| 单 册: | ||
| 中图分类: | TU986.631.3 | |
| 科图分类: | ||
| 主题词: | 园林--规划 , 公园--绿化规划 | |
| 电子资源: | ||
| ISBN: | 7-5349-2429-4 | |
| 000 | 00668nam0 2200217 45 | |
| 001 | 0006231446 | |
| 005 | 20001206111317.2 | |
| 010 | @a7-5349-2429-4@d65.00元 | |
| 100 | @a20000623d1999 km y0chiy0120 ea | |
| 101 | 0 | @achi |
| 105 | @a z 000yy | |
| 200 | 1 | @a90年代日本环境设计50例@A90 Nian Dai Ri Ben Huan Jing She Ji 50 Li@f章俊华,屈德印编著@FZhang Jun Hua,Qu De Yin Bian Zhu |
| 210 | @a郑州@c河南科学技术出版社@d1999.09 | |
| 215 | @a150页@d16开 | |
| 606 | 0 | @a园林@x规划 |
| 606 | 0 | @a公园@x绿化规划 |
| 690 | @aTU986.631.3@v3 | |
| 701 | 0 | @a章俊华@4编著 |
| 701 | 0 | @a屈德印@4编著 |
| 801 | @aCN@bPftUser@c20000623 | |
| 905 | @dTU986.631.3@eZH321@b514806-807@f2 | |
| 90年代日本环境设计50例/章俊华,屈德印编著.-郑州:河南科学技术出版社,1999.09 |
| 150页;16开 |
| ISBN 7-5349-2429-4:65.00元 |
| ● |
| 相关链接 |
|
|
|
正题名:90年代日本环境设计50例
索取号:TU986.631.3/ZH321
 
预约/预借
| 序号 | 登录号 | 条形码 | 馆藏地/架位号 | 状态 | 备注 |
| 1 | 514806 | 205148062 | 建筑库201/201建筑库 120排2列3层/ [索取号:TU986.631.3/ZH321] | 在馆 | |
| 2 | 514807 | 205148071 | 建筑库201/201建筑库 120排2列3层/ [索取号:TU986.631.3/ZH321] | 在馆 |